| 000 | 00504nam a2200181Ia 4500 | ||
|---|---|---|---|
| 008 | 090122s9999 xx 000 0 und d | ||
| 082 | _b12399 | ||
| 100 |
_aकर्णिक _bमधु _cमंगेश |
||
| 245 | _aकमळण | ||
| 260 |
_bप्रिया _c-- |
||
| 300 | _a228 | ||
| 501 | _aललित वितरण / बि.नं.325-15.12.07 | ||
| 600 | _aकर्णिक | ||
| 630 | _aकमळण | ||
| 700 | _aकर्णिक | ||
| 730 | _aकमळण | ||
| 942 | _cBOOK | ||
| 999 |
_c36476 _d36476 |
||